000 00336nam a22001337a 4500
003 OSt
008 250130b |||||||| |||| 00| 0 eng d
020 _a9788177229998
082 _a621.3
_bGAI/BA
100 _aGaikwad, Sunil T
_97034
245 _aBasic electrical engineering
260 _aNew Delhi
_bDreamtech Press
_c2012
942 _cBK
999 _c13897
_d13897